000 nam a22 7a 4500
999 _c9927
_d9927
008 180208b ||||| |||| 00| 0 eng d
100 _aKumar, M
_95989
245 _aNutrition Education
260 _aNew Delhi
_bFriends Publication
_c2012